00238nam a22000977a 4500008004100000041000800041080000800049100000700057101000800064245006800072181023b xxu||||| |||| 00| 0 eng d aeng a941 a16 aHis aTradition Encounters A brief Global History cBentley.J.H